LEADER 01656nam a2200349 a 4500 001 000000131528 003 CaOOAMICUS 005 20121122114006.0 008 121122s2002 it bd u000 u ita r 020 $a88-06-16309-4 (v. 1-2) 040 $aPUL$bita 041 1 $aita$hfre 100 1 $aBraudel, Fernand,$d1902-1985.$0(OLS)http://pul/name/31374 240 10$aMéditerranée et le monde méditerranée$lItaliano.$0(OLS)http://pul/title/156824 245 10$aCiviltà e imperi del Mediterraneo nell'età di Filippo II /$cFernand Braudel. 250 $aLa presente ed. è aggiornata alla 5. ed. francese del 1982. 260 $aTorino :$bEinaudi,$c©2002. 300 $a2 v. :$bc. geogr., grafici ;$c20 cm 490 1 $aPiccola biblioteca Einaudi. Storia e geografia ;$v188 504 $aInclude bibliografia e indici. 651 4$aMediterraneo$xCiviltà.$0(OLS)http://pul/subject/10120 830 0$aPiccola biblioteca Einaudi.$pStoria e geografia ;$v188.$0(OLS)http://pul/title/166155 850 $aPUL 852 $aPUL$W1$xDP1 Fondo E. Rossi$y115$m1 B 145.1$j151797$av. 1$qFondi$B150738$CPULBib$Z2$F150738 $82 852 $aPUL$W1$xDP1 Fondo E. Rossi$y115$m1 B 145.2$j151798$av. 2$qFondi$B150739$CPULBib$Z2$F150739 $82 941 1 $a1 961 $aSul dorso collocazione ms. di E. Rossi: B 84 1' 961 $aSul dorso collocazione ms. di E. Rossi: B 84 1'' 996 $6020$a88-06-16309-4 (v. 1-2)$9(OLS)http://pul/number/151144 996 $6245$aCiviltà e imperi del Mediterraneo nell'età di Filippo II$9(OLS)http://pul/title/156825 996 $6260$aTorino :$bEinaudi$9(OLS)http://pul/publisher/48130 LEADER 01491nam a2200325 a 4500 001 000000137364 003 CaOOAMICUS 005 20140213143058.0 008 140213s2002 it d u000 u ita r 020 $a88-464-4141-9 040 $aPUL$bita 245 00$aQuella deficiente della TV :$bmainstream television e multichannel /$ca cura di Francesco de Domenico, Mihaela Gavrila, Augusto Preta ; introduzione di Mario Morcellini. 260 $aMilano :$bFrancoAngeli,$c©2002. 300 $a283 p. :$bgrafici ;$c23 cm 490 1 $aScienze della comunicazione. Saggi ;$v05 504 $aBibliografia in nota. 650 4$aTelevisione$xStudi.$0(OLS)http://pul/subject/6917 700 1 $aDe Domenico, Francesco.$0(OLS)http://pul/name/9962 700 1 $aPreta, Augusto.$0(OLS)http://pul/name/88505 700 1 $aGavrila, Mihaela,$d1973-$0(OLS)http://pul/name/88506 700 1 $aMorcellini, Mario.$0(OLS)http://pul/name/74492 830 0$aScienze della comunicazione.$pSaggi ;$v05.$0(OLS)http://pul/title/173903 850 $aPUL 852 $aPUL$W1$xDP1 Fondo E. Rossi$y115$m6 A 38$j42607$qFondi$B157877$CPULBib$Z2$F157877 $82 941 1 $a1 961 $aSul dorso collocazione ms. di E. Rossi: Com G D 4 996 $6020$a88-464-4141-9$9(OLS)http://pul/number/154499 996 $6245$aQuella deficiente della TV :$bmainstream television e multichannel$9(OLS)http://pul/title/173902 996 $6260$aMilano :$bFrancoAngeli$9(OLS)http://pul/publisher/66898